| 000 | 01055nam0a22002531 4500 | ||
|---|---|---|---|
| 001 | rc\117550 | ||
| 005 | 20250620185945.0 | ||
| 035 | _a(NLR Aleph) 005375886 | ||
| 090 |
_a7049046 _c7049046 |
||
| 100 | _a20021216d1997 |||y0rusy50 ca | ||
| 101 | 0 | _arus | |
| 102 | _aRU | ||
| 105 | _aa ||||||||| | ||
| 200 | 1 | _aЧисленное моделирование динамики ультрарелятивистского пучка в кильватерном ускорителе | |
| 210 |
_aНовосибирск _cГНЦ РФ ИЯФ _d1997 |
||
| 215 |
_a20 с. _cграф. _d20 |
||
| 225 | 1 |
_aГосударственный научный центр Российской Федерации - "Институт ядерной физики имени Г.И. Будкера СО РАН _vИЯФ 97-5 |
|
| 320 | _aБиблиогр.: с. 18-20 (15 назв.) | ||
| 700 | 1 |
_aЛотов _bК.В. _gКонстантин Владимирович |
|
| 801 | 0 |
_aRU _bNLR _gpsbo |
|
| 801 | 1 |
_aRU _bELAR _2rusmarc |
|
| 852 |
_aNLR _j97-4/12658 |
||
| 942 | _cBOOK | ||
| 980 | _aNB | ||